[Event "U14 Polish Youth Championship"]
[Site "chess24.com"]
[Date "2018.05.02"]
[Round "5"]
[White "Bachor, Tomasz"]
[Black "Bartoszewski-Reiski, Olaf"]
[Result "1/2-1/2"]
[Board "11"]
[WhiteElo "1953"]
[WhiteCountry "POL"]
[WhiteFideId "21814694"]
[WhiteEloChange "-7"]
[BlackElo "1668"]
[BlackCountry "POL"]
[BlackFideId "21819351"]
[BlackEloChange "7"]

1. e4 {[%clk 1:30:57]} c5 {[%clk 1:30:56]} 2. b3 {[%clk 1:31:06]} Nc6 {[%clk
1:27:27]} 3. Bb2 {[%clk 1:31:02]} d6 {[%clk 1:27:17]} 4. Bb5 {[%clk 1:30:22]} Bd7
{[%clk 1:21:41]} 5. Nc3 {[%clk 1:26:40]} Nf6 {[%clk 1:20:22]} 6. d3 {[%clk
1:23:06]} a6 {[%clk 1:19:54]} 7. Bxc6 {[%clk 1:23:13]} Bxc6 {[%clk 1:19:38]} 8.
f4 {[%clk 1:20:51]} e6 {[%clk 1:18:26]} 9. Nf3 {[%clk 1:17:41]} Be7 {[%clk
1:18:11]} 10. Qe2 {[%clk 1:15:31]} Qc7 {[%clk 1:17:38]} 11. O-O {[%clk 1:11:30]}
O-O {[%clk 1:15:41]} 12. Rae1 {[%clk 1:09:52]} d5 {[%clk 1:14:05]} 13. e5 {[%clk
1:03:29]} Nd7 {[%clk 1:13:20]} 14. Kh1 {[%clk 1:00:35]} b5 {[%clk 1:11:07]} 15.
d4 {[%clk 0:55:57]} b4 {[%clk 1:10:12]} 16. Nd1 {[%clk 0:47:49]} Bb5 {[%clk
1:09:25]} 17. Qf2 {[%clk 0:46:35]} Bxf1 {[%clk 1:09:27]} 18. Qxf1 {[%clk
0:44:39]} cxd4 {[%clk 1:08:25]} 19. Nxd4 {[%clk 0:44:52]} a5 {[%clk 1:06:00]} 20.
f5 {[%clk 0:38:34]} exf5 {[%clk 0:49:33]} 21. Nxf5 {[%clk 0:31:27]} Nc5 {[%clk
0:46:26]} 22. Nde3 {[%clk 0:29:23]} Rad8 {[%clk 0:43:10]} 23. Qf3 {[%clk
0:26:23]} Bg5 {[%clk 0:27:40]} 24. Nxd5 {[%clk 0:18:34]} Qd7 {[%clk 0:26:46]} 25.
Rd1 {[%clk 0:17:56]} Qe6 {[%clk 0:26:28]} 26. h4 {[%clk 0:17:06]} Bh6 {[%clk
0:25:58]} 27. Nde7+ {[%clk 0:15:51]} Kh8 {[%clk 0:25:49]} 28. Rf1 {[%clk
0:16:08]} Rde8 {[%clk 0:21:10]} 29. Nxh6 {[%clk 0:15:49]} Rxe7 {[%clk 0:20:43]}
30. Nf5 {[%clk 0:15:47]} Ree8 {[%clk 0:20:30]} 31. h5 {[%clk 0:15:37]} Nd7 {[%clk
0:15:05]} 32. h6 {[%clk 0:13:08]} gxh6 {[%clk 0:10:40]} 33. Nd6 {[%clk 0:05:58]}
Re7 {[%clk 0:10:29]} 34. Nf5 {[%clk 0:06:11]} Ree8 {[%clk 0:10:28]} 1/2-1/2

[Event "U14 Polish Youth Championship"]
[Site "chess24.com"]
[Date "2018.05.02"]
[Round "5"]
[White "Iwaszkiewicz, Krzysztof"]
[Black "Oborski, Artur"]
[Result "1/2-1/2"]
[Board "12"]
[WhiteElo "1530"]
[WhiteCountry "POL"]
[WhiteFideId "21810222"]
[WhiteEloChange "8"]
[BlackElo "1921"]
[BlackCountry "POL"]
[BlackFideId "21844810"]
[BlackEloChange "-8"]

1. d4 {[%clk 1:30:59]} f5 {[%clk 1:30:52]} 2. c4 {[%clk 1:31:22]} Nf6 {[%clk
1:31:15]} 3. Nc3 {[%clk 1:31:47]} d6 {[%clk 1:31:31]} 4. Nf3 {[%clk 1:30:38]} g6
{[%clk 1:31:53]} 5. Bd2 {[%clk 1:26:11]} Bg7 {[%clk 1:32:11]} 6. Qb3 {[%clk
1:25:18]} c6 {[%clk 1:28:38]} 7. e3 {[%clk 1:23:59]} Qc7 {[%clk 1:26:52]} 8. Ne2
{[%clk 1:13:33]} e5 {[%clk 1:15:28]} 9. c5 {[%clk 1:06:44]} e4 {[%clk 1:08:23]}
10. cxd6 {[%clk 1:06:19]} Qxd6 {[%clk 1:06:50]} 11. Ne5 {[%clk 0:53:17]} Nd5
{[%clk 1:03:45]} 12. Nc3 {[%clk 0:50:10]} Nd7 {[%clk 0:53:16]} 13. Nxd5 {[%clk
0:43:44]} cxd5 {[%clk 0:52:11]} 14. Bb4 {[%clk 0:40:07]} Qe6 {[%clk 0:51:48]} 15.
Nxd7 {[%clk 0:36:46]} Bxd7 {[%clk 0:51:56]} 16. Rc1 {[%clk 0:36:56]} Bc6 {[%clk
0:49:56]} 17. Be2 {[%clk 0:34:06]} Kf7 {[%clk 0:49:34]} 18. O-O {[%clk 0:34:05]}
Rhc8 {[%clk 0:48:41]} 19. Bc5 {[%clk 0:32:25]} Qd7 {[%clk 0:43:51]} 20. Qa3
{[%clk 0:27:57]} Bb5 {[%clk 0:31:21]} 21. Bxb5 {[%clk 0:24:39]} Qxb5 {[%clk
0:31:13]} 22. Bd6 {[%clk 0:23:52]} Rc6 {[%clk 0:29:45]} 23. Rc5 {[%clk 0:21:27]}
Rxc5 {[%clk 0:27:30]} 24. Qxc5 {[%clk 0:18:31]} Qxc5 {[%clk 0:26:30]} 25. dxc5
{[%clk 0:17:55]} a5 {[%clk 0:24:46]} 26. Rb1 {[%clk 0:13:56]} Ke6 {[%clk
0:24:07]} 27. Kf1 {[%clk 0:12:23]} a4 {[%clk 0:18:05]} 28. Bc7 {[%clk 0:10:24]}
Rc8 {[%clk 0:17:14]} 29. Bb6 {[%clk 0:09:37]} d4 {[%clk 0:10:57]} 30. exd4 {[%clk
0:09:11]} Bxd4 {[%clk 0:11:11]} 31. b3 {[%clk 0:09:37]} axb3 {[%clk 0:10:45]} 32.
Rxb3 {[%clk 0:10:00]} Kd5 {[%clk 0:08:51]} 33. Ba7 {[%clk 0:09:54]} Rc7 {[%clk
0:08:34]} 34. Bb6 {[%clk 0:09:33]} Rd7 {[%clk 0:08:46]} 35. Ke2 {[%clk 0:07:35]}
Bxc5 {[%clk 0:08:34]} 36. Rb5 {[%clk 0:07:10]} Kc6 {[%clk 0:09:00]} 37. Rxc5+
{[%clk 0:07:30]} Kxb6 {[%clk 0:09:25]} 38. Rc2 {[%clk 0:07:44]} Kb5 {[%clk
0:08:46]} 39. g4 {[%clk 0:07:58]} f4 {[%clk 0:06:15]} 40. h4 {[%clk 0:07:43]} h5
{[%clk 0:01:24]} 41. g5 {[%clk 0:06:58]} Kb6 {[%clk 0:01:30]} 42. Rc4 {[%clk
0:07:18]} Re7 {[%clk 0:01:36]} 1/2-1/2

[Event "U14 Polish Youth Championship"]
[Site "chess24.com"]
[Date "2018.05.02"]
[Round "5"]
[White "Grzesik, Gracjan"]
[Black "Kacprzak, Kacper"]
[Result "1-0"]
[Board "13"]
[WhiteElo "1884"]
[WhiteCountry "POL"]
[WhiteFideId "1194593"]
[WhiteEloChange "4"]
[BlackElo "1668"]
[BlackCountry "POL"]
[BlackFideId "21819319"]
[BlackEloChange "-4"]

1. d4 {[%clk 1:30:55]} Nf6 {[%clk 1:30:55]} 2. Nf3 {[%clk 1:31:20]} c5 {[%clk
1:27:33]} 3. d5 {[%clk 1:31:37]} d6 {[%clk 1:27:37]} 4. Nc3 {[%clk 1:32:03]} g6
{[%clk 1:24:54]} 5. e4 {[%clk 1:32:27]} Bg7 {[%clk 1:25:18]} 6. Be2 {[%clk
1:32:49]} O-O {[%clk 1:24:24]} 7. O-O {[%clk 1:33:10]} Na6 {[%clk 1:23:35]} 8. h3
{[%clk 1:31:14]} Nc7 {[%clk 1:23:17]} 9. a4 {[%clk 1:28:05]} Rb8 {[%clk 1:21:19]}
10. Nd2 {[%clk 1:18:30]} Bd7 {[%clk 1:09:48]} 11. Re1 {[%clk 1:14:20]} a6 {[%clk
1:02:39]} 12. a5 {[%clk 1:13:13]} Nb5 {[%clk 1:01:07]} 13. Ncb1 {[%clk 0:59:08]}
e6 {[%clk 0:50:17]} 14. dxe6 {[%clk 0:52:59]} fxe6 {[%clk 0:48:26]} 15. e5 {[%clk
0:47:34]} dxe5 {[%clk 0:45:17]} 16. c3 {[%clk 0:44:25]} Qc7 {[%clk 0:42:28]} 17.
Qc2 {[%clk 0:43:20]} Bc6 {[%clk 0:39:21]} 18. Bf3 {[%clk 0:40:57]} Nd5 {[%clk
0:37:16]} 19. Ne4 {[%clk 0:39:45]} c4 {[%clk 0:31:39]} 20. Qe2 {[%clk 0:37:34]}
Nd6 {[%clk 0:26:14]} 21. Nxd6 {[%clk 0:33:57]} Qxd6 {[%clk 0:26:43]} 22. Qxc4
{[%clk 0:32:14]} Bb5 {[%clk 0:26:39]} 23. Qb3 {[%clk 0:26:40]} Nf4 {[%clk
0:25:28]} 24. Rd1 {[%clk 0:21:28]} Qc7 {[%clk 0:21:40]} 25. Bxf4 {[%clk 0:20:01]}
Bc4 {[%clk 0:21:59]} 26. Qb6 {[%clk 0:15:41]} Qxb6 {[%clk 0:22:26]} 27. axb6
{[%clk 0:16:07]} exf4 {[%clk 0:22:00]} 28. Nd2 {[%clk 0:14:54]} Bd3 {[%clk
0:20:58]} 29. Ne4 {[%clk 0:14:30]} Bxe4 {[%clk 0:17:18]} 30. Bxe4 {[%clk
0:14:58]} Rf7 {[%clk 0:13:14]} 31. Rd6 {[%clk 0:13:52]} Re7 {[%clk 0:13:40]} 32.
Rad1 {[%clk 0:14:10]} Kf7 {[%clk 0:14:03]} 33. Rd8 {[%clk 0:13:03]} Rxd8 {[%clk
0:13:47]} 34. Rxd8 {[%clk 0:13:30]} Be5 {[%clk 0:14:11]} 35. Kf1 {[%clk 0:09:58]}
Kf6 {[%clk 0:11:26]} 36. Ke2 {[%clk 0:10:11]} Rg7 {[%clk 0:10:31]} 37. Kd2 {[%clk
0:07:59]} Ke7 {[%clk 0:09:25]} 38. Rd3 {[%clk 0:08:10]} Rg8 {[%clk 0:08:23]} 39.
b4 {[%clk 0:07:50]} Rb8 {[%clk 0:06:54]} 40. Kc2 {[%clk 0:07:52]} Bd6 {[%clk
0:06:53]} 41. Kb3 {[%clk 0:07:53]} a5 {[%clk 0:05:46]} 42. bxa5 {[%clk 0:06:36]}
Ra8 {[%clk 0:06:12]} 43. Ka4 {[%clk 0:05:34]} Rb8 {[%clk 0:06:28]} 44. Kb5 {[%clk
0:05:13]} e5 {[%clk 0:06:26]} 45. c4 {[%clk 0:04:24]} Rc8 {[%clk 0:06:43]} 46.
Rd5 {[%clk 0:04:36]} Ke6 {[%clk 0:06:23]} 47. c5 {[%clk 0:04:55]} Be7 {[%clk
0:06:50]} 48. a6 {[%clk 0:01:19]} bxa6+ {[%clk 0:07:09]} 49. Kxa6 {[%clk
0:01:45]} Rxc5 {[%clk 0:07:22]} 50. Rxc5 {[%clk 0:01:22]} Bxc5 {[%clk 0:07:48]}
51. b7 {[%clk 0:01:43]} Bd6 {[%clk 0:08:12]} 52. Ka7 {[%clk 0:01:39]} Bc5+ {[%clk
0:08:37]} 53. Ka8 {[%clk 0:01:55]} Bd6 {[%clk 0:09:03]} 54. b8Q {[%clk 0:02:10]}
Bxb8 {[%clk 0:09:29]} 55. Kxb8 {[%clk 0:02:36]} Kd6 {[%clk 0:09:54]} 56. Kb7
{[%clk 0:02:20]} Kc5 {[%clk 0:10:20]} 57. Kc7 {[%clk 0:02:39]} Kd4 {[%clk
0:10:47]} 58. f3 {[%clk 0:02:03]} Ke3 {[%clk 0:11:07]} 59. Kd6 {[%clk 0:02:28]}
Kf2 {[%clk 0:11:10]} 60. Kxe5 {[%clk 0:02:25]} Kxg2 {[%clk 0:11:34]} 61. Kxf4
{[%clk 0:02:22]} Kxh3 {[%clk 0:12:01]} 62. Kg5 {[%clk 0:02:06]} Kg3 {[%clk
0:12:26]} 63. Bc6 {[%clk 0:01:53]} Kf2 {[%clk 0:11:29]} 64. Ba8 {[%clk 0:01:35]}
Kg3 {[%clk 0:11:54]} 65. Bd5 {[%clk 0:01:32]} Kf2 {[%clk 0:12:18]} 66. Kf4 {[%clk
0:01:35]} h5 {[%clk 0:12:09]} 67. Kg5 {[%clk 0:00:58]} Kg3 {[%clk 0:12:20]} 68.
f4 {[%clk 0:01:11]} h4 {[%clk 0:12:39]} 69. Bb7 {[%clk 0:01:34]} h3 {[%clk
0:13:01]} 70. Bc6 {[%clk 0:01:26]} h2 {[%clk 0:13:25]} 71. Bb7 {[%clk 0:01:50]}
h1Q {[%clk 0:13:32]} 72. Bxh1 {[%clk 0:02:15]} Kh2 {[%clk 0:13:57]} 73. Kxg6
{[%clk 0:02:38]} 1-0

[Event "U14 Polish Youth Championship"]
[Site "chess24.com"]
[Date "2018.05.02"]
[Round "5"]
[White "Czechowski, Jakub"]
[Black "Majdanski, Maksymilian"]
[Result "1-0"]
[Board "14"]
[WhiteElo "1770"]
[WhiteCountry "POL"]
[WhiteFideId "21820511"]
[WhiteEloChange "6"]
[BlackElo "1626"]
[BlackCountry "POL"]
[BlackFideId "21820570"]
[BlackEloChange "-6"]

1. e4 {[%clk 1:30:59]} e5 {[%clk 1:30:37]} 2. Nf3 {[%clk 1:31:28]} Nc6 {[%clk
1:30:57]} 3. Bb5 {[%clk 1:31:56]} a6 {[%clk 1:31:16]} 4. Ba4 {[%clk 1:32:25]} b5
{[%clk 1:31:14]} 5. Bb3 {[%clk 1:32:50]} Be7 {[%clk 1:30:23]} 6. O-O {[%clk
1:33:06]} Nf6 {[%clk 1:30:33]} 7. Re1 {[%clk 1:33:29]} O-O {[%clk 1:30:28]} 8. h3
{[%clk 1:33:57]} d6 {[%clk 1:22:11]} 9. c3 {[%clk 1:33:54]} Nb8 {[%clk 1:21:17]}
10. d4 {[%clk 1:34:23]} Nbd7 {[%clk 1:21:39]} 11. c4 {[%clk 1:34:51]} Bb7 {[%clk
1:17:47]} 12. Nc3 {[%clk 1:24:21]} b4 {[%clk 1:07:53]} 13. Nd5 {[%clk 1:24:50]}
Nxd5 {[%clk 1:08:04]} 14. cxd5 {[%clk 1:24:56]} Bf6 {[%clk 1:03:41]} 15. Be3
{[%clk 1:24:32]} c6 {[%clk 0:59:00]} 16. dxe5 {[%clk 1:18:49]} Nxe5 {[%clk
0:58:21]} 17. Nxe5 {[%clk 1:18:30]} Bxe5 {[%clk 0:57:33]} 18. dxc6 {[%clk
1:18:51]} Bxc6 {[%clk 0:57:37]} 19. Qd2 {[%clk 1:17:10]} a5 {[%clk 0:50:59]} 20.
Bg5 {[%clk 0:56:23]} Qb6 {[%clk 0:44:55]} 21. Rac1 {[%clk 0:54:40]} Rac8 {[%clk
0:28:52]} 22. Be3 {[%clk 0:38:44]} Qb7 {[%clk 0:24:52]} 23. f3 {[%clk 0:34:26]}
a4 {[%clk 0:21:26]} 24. Bc4 {[%clk 0:32:26]} Rfe8 {[%clk 0:15:43]} 25. Red1
{[%clk 0:31:04]} Rcd8 {[%clk 0:14:34]} 26. Qe2 {[%clk 0:30:29]} h6 {[%clk
0:11:11]} 27. b3 {[%clk 0:15:17]} a3 {[%clk 0:10:08]} 28. Bxf7+ {[%clk 0:14:12]}
Kxf7 {[%clk 0:08:21]} 29. Qc4+ {[%clk 0:14:37]} d5 {[%clk 0:08:00]} 30. Qxc6
{[%clk 0:13:03]} Qxc6 {[%clk 0:08:27]} 31. Rxc6 {[%clk 0:13:30]} dxe4 {[%clk
0:08:45]} 32. Rxd8 {[%clk 0:10:33]} Rxd8 {[%clk 0:09:09]} 33. fxe4 {[%clk
0:11:02]} Rd1+ {[%clk 0:09:19]} 34. Kf2 {[%clk 0:11:29]} Ra1 {[%clk 0:09:16]} 35.
Rc2 {[%clk 0:11:58]} Bb2 {[%clk 0:08:30]} 36. Ke2 {[%clk 0:12:24]} Ke6 {[%clk
0:06:46]} 37. Kd2 {[%clk 0:05:32]} Ke5 {[%clk 0:05:20]} 38. Bc5 {[%clk 0:03:49]}
Bc3+ {[%clk 0:02:40]} 39. Kd3 {[%clk 0:04:18]} Re1 {[%clk 0:02:24]} 40. Rf2
{[%clk 0:03:12]} Ke6 {[%clk 0:01:41]} 41. Re2 {[%clk 0:02:47]} Rc1 {[%clk
0:01:19]} 42. Kc4 {[%clk 0:01:53]} Be1+ {[%clk 0:00:46]} 43. Kb5 {[%clk 0:02:10]}
Rxc5+ {[%clk 0:00:43]} 44. Kxc5 {[%clk 0:02:34]} Bc3 {[%clk 0:01:08]} 45. Kc4
{[%clk 0:02:46]} Ke5 {[%clk 0:01:34]} 46. Kd3 {[%clk 0:02:27]} g6 {[%clk
0:01:26]} 47. Rc2 {[%clk 0:02:46]} g5 {[%clk 0:01:34]} 48. Rxc3 {[%clk 0:02:44]}
bxc3 {[%clk 0:02:00]} 49. Kxc3 {[%clk 0:03:12]} Kxe4 {[%clk 0:02:22]} 50. Kc4
{[%clk 0:03:41]} Kf4 {[%clk 0:02:27]} 51. b4 {[%clk 0:03:55]} Kg3 {[%clk
0:02:53]} 52. b5 {[%clk 0:04:23]} Kxg2 {[%clk 0:03:19]} 53. b6 {[%clk 0:04:51]}
Kxh3 {[%clk 0:03:36]} 54. b7 {[%clk 0:05:20]} g4 {[%clk 0:03:56]} 55. b8Q {[%clk
0:05:41]} g3 {[%clk 0:04:21]} 56. Qb3 {[%clk 0:05:23]} Kh2 {[%clk 0:04:43]} 57.
Qxa3 {[%clk 0:05:50]} g2 {[%clk 0:05:07]} 58. Qd6+ {[%clk 0:06:13]} Kh1 {[%clk
0:05:14]} 59. Qxh6+ {[%clk 0:06:40]} Kg1 {[%clk 0:05:36]} 60. Kd3 {[%clk
0:06:53]} 1-0

[Event "U14 Polish Youth Championship"]
[Site "chess24.com"]
[Date "2018.05.02"]
[Round "5"]
[White "Kujawa, Krzysztof"]
[Black "Wolaniecki, Patryk"]
[Result "1/2-1/2"]
[Board "15"]
[WhiteElo "1595"]
[WhiteCountry "POL"]
[WhiteFideId "1194500"]
[WhiteEloChange "4"]
[BlackElo "1762"]
[BlackCountry "POL"]
[BlackFideId "1193783"]
[BlackEloChange "-4"]

1. e4 {[%clk 1:30:58]} c5 {[%clk 1:31:00]} 2. Nf3 {[%clk 1:31:18]} Nc6 {[%clk
1:31:26]} 3. d4 {[%clk 1:31:40]} cxd4 {[%clk 1:31:55]} 4. Nxd4 {[%clk 1:32:03]}
Nf6 {[%clk 1:32:20]} 5. Nc3 {[%clk 1:32:21]} e6 {[%clk 1:32:47]} 6. Ndb5 {[%clk
1:32:20]} Bb4 {[%clk 1:33:42]} 7. a3 {[%clk 1:31:48]} Bxc3+ {[%clk 1:34:08]} 8.
Nxc3 {[%clk 1:32:04]} O-O {[%clk 1:34:32]} 9. Bd3 {[%clk 1:30:58]} d5 {[%clk
1:34:12]} 10. exd5 {[%clk 1:30:17]} Nxd5 {[%clk 1:33:31]} 11. Nxd5 {[%clk
1:28:19]} Qxd5 {[%clk 1:33:56]} 12. O-O {[%clk 1:28:41]} Rd8 {[%clk 1:31:48]} 13.
Be3 {[%clk 1:16:44]} b6 {[%clk 1:26:28]} 14. Qe2 {[%clk 1:11:36]} Bb7 {[%clk
1:14:36]} 15. f3 {[%clk 1:07:51]} Qe5 {[%clk 1:08:23]} 16. b4 {[%clk 1:00:25]}
Rac8 {[%clk 0:54:29]} 17. Qf2 {[%clk 0:48:15]} Qf6 {[%clk 0:54:22]} 18. Be4
{[%clk 0:44:46]} Qc3 {[%clk 0:52:23]} 19. Qe1 {[%clk 0:30:07]} Qxe1 {[%clk
0:40:06]} 20. Rfxe1 {[%clk 0:30:21]} Ba6 {[%clk 0:38:52]} 21. Red1 {[%clk
0:18:04]} Ne5 {[%clk 0:32:42]} 22. Bf4 {[%clk 0:13:09]} Nc4 {[%clk 0:29:49]} 23.
a4 {[%clk 0:12:35]} f5 {[%clk 0:21:43]} 24. Bd3 {[%clk 0:09:48]} Rd5 {[%clk
0:14:19]} 25. Be2 {[%clk 0:04:23]} Bb7 {[%clk 0:11:19]} 26. Rxd5 {[%clk 0:02:35]}
Bxd5 {[%clk 0:11:43]} 27. c3 {[%clk 0:01:38]} Kf7 {[%clk 0:06:34]} 28. Bxc4
{[%clk 0:01:46]} Rxc4 {[%clk 0:06:31]} 29. Be5 {[%clk 0:02:11]} f4 {[%clk
0:04:47]} 30. Bd4 {[%clk 0:01:42]} Rc7 {[%clk 0:01:56]} 31. a5 {[%clk 0:01:38]}
b5 {[%clk 0:02:19]} 32. Kf2 {[%clk 0:01:26]} g5 {[%clk 0:00:55]} 33. Re1 {[%clk
0:01:36]} a6 {[%clk 0:01:07]} 34. Re5 {[%clk 0:01:41]} Kg6 {[%clk 0:01:29]} 35.
Ke2 {[%clk 0:01:22]} Rf7 {[%clk 0:01:06]} 36. Kf2 {[%clk 0:01:24]} h6 {[%clk
0:01:30]} 37. h3 {[%clk 0:01:37]} Rc7 {[%clk 0:00:42]} 38. Kf1 {[%clk 0:01:33]}
Rf7 {[%clk 0:01:09]} 39. Kf2 {[%clk 0:01:57]} Rf8 {[%clk 0:00:48]} 40. Ke2 {[%clk
0:01:48]} Rf5 {[%clk 0:01:11]} 41. Kd3 {[%clk 0:01:05]} Bc4+ {[%clk 0:01:16]} 42.
Ke4 {[%clk 0:01:10]} Bd5+ {[%clk 0:00:47]} 43. Kd3 {[%clk 0:01:32]} h5 {[%clk
0:00:55]} 44. Ke2 {[%clk 0:00:48]} Bc4+ {[%clk 0:00:54]} 45. Kf2 {[%clk 0:00:59]}
Rxe5 {[%clk 0:00:53]} 46. Bxe5 {[%clk 0:01:23]} Kf5 {[%clk 0:01:21]} 47. Bd4
{[%clk 0:01:39]} e5 {[%clk 0:00:50]} 48. Bc5 {[%clk 0:02:02]} g4 {[%clk 0:01:15]}
49. hxg4+ {[%clk 0:02:13]} hxg4 {[%clk 0:01:42]} 50. Bb6 {[%clk 0:00:57]} g3+
{[%clk 0:01:35]} 51. Kg1 {[%clk 0:00:54]} Be2 {[%clk 0:01:04]} 52. Bc5 {[%clk
0:01:02]} Ke6 {[%clk 0:01:03]} 53. c4 {[%clk 0:00:34]} Bxc4 {[%clk 0:00:40]} 54.
Bf8 {[%clk 0:00:54]} Kf5 {[%clk 0:00:50]} 55. Bc5 {[%clk 0:01:09]} e4 {[%clk
0:00:52]} 56. fxe4+ {[%clk 0:01:34]} Kxe4 {[%clk 0:01:13]} 57. Bf8 {[%clk
0:01:46]} Kf5 {[%clk 0:01:28]} 58. Bc5 {[%clk 0:02:06]} Kg4 {[%clk 0:01:53]} 59.
Bf8 {[%clk 0:02:27]} Bd5 {[%clk 0:02:01]} 60. Bc5 {[%clk 0:02:00]} Bc6 {[%clk
0:01:47]} 61. Bb6 {[%clk 0:02:15]} Bxg2 {[%clk 0:00:49]} 62. Kxg2 {[%clk
0:02:36]} f3+ {[%clk 0:01:16]} 63. Kg1 {[%clk 0:02:39]} Kh3 {[%clk 0:00:53]} 64.
Bc5 {[%clk 0:02:34]} Kg4 {[%clk 0:01:03]} 65. Bb6 {[%clk 0:02:47]} Kg5 {[%clk
0:00:37]} 66. Bc7 {[%clk 0:02:29]} Kh4 {[%clk 0:01:01]} 67. Bb6 {[%clk 0:02:17]}
Kg4 {[%clk 0:00:41]} 68. Bc5 {[%clk 0:02:25]} Kh4 {[%clk 0:00:44]} 69. Bb6 {[%clk
0:02:46]} Kg5 {[%clk 0:00:39]} 70. Bc7 {[%clk 0:02:59]} Kh4 {[%clk 0:00:38]} 71.
Bb6 {[%clk 0:03:19]} Kg4 {[%clk 0:00:35]} 72. Bc5 {[%clk 0:03:33]} Kh3 {[%clk
0:00:35]} 73. Bb6 {[%clk 0:03:28]} Kg4 {[%clk 0:00:42]} 1/2-1/2

[Event "U14 Polish Youth Championship"]
[Site "chess24.com"]
[Date "2018.05.02"]
[Round "5"]
[White "Kania, Dominik"]
[Black "Skawinski, Szymon"]
[Result "1/2-1/2"]
[Board "16"]
[WhiteElo "1758"]
[WhiteCountry "POL"]
[WhiteFideId "21845204"]
[WhiteEloChange "-8"]
[BlackElo "1399"]
[BlackCountry "POL"]
[BlackFideId "21802149"]
[BlackEloChange "8"]

1. d4 {[%clk 1:30:57]} d5 {[%clk 1:30:50]} 2. Bf4 {[%clk 1:31:21]} Nf6 {[%clk
1:31:04]} 3. e3 {[%clk 1:31:45]} c5 {[%clk 1:31:03]} 4. c3 {[%clk 1:32:05]} Nc6
{[%clk 1:31:10]} 5. Nd2 {[%clk 1:31:56]} e6 {[%clk 1:31:09]} 6. Ngf3 {[%clk
1:31:53]} cxd4 {[%clk 1:30:45]} 7. exd4 {[%clk 1:32:08]} Nh5 {[%clk 1:29:06]} 8.
Be3 {[%clk 1:26:58]} Bd6 {[%clk 1:20:33]} 9. Ne5 {[%clk 1:26:16]} g6 {[%clk
1:18:29]} 10. Be2 {[%clk 1:05:13]} Ng7 {[%clk 1:14:28]} 11. Ndf3 {[%clk 1:00:53]}
f6 {[%clk 1:10:49]} 12. Nd3 {[%clk 0:59:59]} Qc7 {[%clk 1:04:34]} 13. Nc5 {[%clk
0:56:22]} a6 {[%clk 0:56:12]} 14. c4 {[%clk 0:55:25]} b6 {[%clk 0:50:40]} 15.
cxd5 {[%clk 0:52:55]} exd5 {[%clk 0:50:45]} 16. Nd3 {[%clk 0:52:34]} Bb7 {[%clk
0:44:59]} 17. O-O {[%clk 0:52:33]} Nf5 {[%clk 0:42:52]} 18. Rc1 {[%clk 0:50:14]}
Qd7 {[%clk 0:39:34]} 19. Re1 {[%clk 0:47:59]} O-O {[%clk 0:38:49]} 20. Qd2 {[%clk
0:44:28]} Rfe8 {[%clk 0:35:29]} 21. Bf1 {[%clk 0:41:41]} Re4 {[%clk 0:33:21]} 22.
Qc3 {[%clk 0:36:46]} Rae8 {[%clk 0:30:56]} 23. Re2 {[%clk 0:30:22]} Nxe3 {[%clk
0:29:55]} 24. fxe3 {[%clk 0:30:43]} Rxe3 {[%clk 0:28:15]} 25. Rxe3 {[%clk
0:29:43]} Rxe3 {[%clk 0:28:16]} 26. Qd2 {[%clk 0:27:30]} Re4 {[%clk 0:27:53]} 27.
Nf2 {[%clk 0:27:15]} Bf4 {[%clk 0:27:43]} 28. Nxe4 {[%clk 0:26:43]} Bxd2 {[%clk
0:27:49]} 29. Nxf6+ {[%clk 0:27:08]} Kg7 {[%clk 0:28:03]} 30. Nxd7 {[%clk
0:27:33]} Bxc1 {[%clk 0:28:29]} 31. Nxb6 {[%clk 0:25:55]} Bxb2 {[%clk 0:28:37]}
32. Nxd5 {[%clk 0:25:55]} Nxd4 {[%clk 0:28:37]} 33. Nc7 {[%clk 0:26:03]} 1/2-1/2

[Event "U14 Polish Youth Championship"]
[Site "chess24.com"]
[Date "2018.05.02"]
[Round "5"]
[White "Jozefik, Aleksander"]
[Black "Oleksy, Krzysztof"]
[Result "0-1"]
[Board "17"]
[WhiteElo "1266"]
[WhiteCountry "POL"]
[WhiteFideId "21862184"]
[WhiteEloChange "-2"]
[BlackElo "1746"]
[BlackCountry "POL"]
[BlackFideId "1194879"]
[BlackEloChange "2"]

1. e4 {[%clk 1:30:54]} c5 {[%clk 1:30:57]} 2. Nf3 {[%clk 1:30:33]} d6 {[%clk
1:31:22]} 3. Bb5+ {[%clk 1:29:58]} Nd7 {[%clk 1:31:44]} 4. d4 {[%clk 1:29:30]}
cxd4 {[%clk 1:31:52]} 5. Qxd4 {[%clk 1:28:48]} e5 {[%clk 1:28:16]} 6. Qd3 {[%clk
1:27:52]} a6 {[%clk 1:27:52]} 7. Bxd7+ {[%clk 1:28:08]} Bxd7 {[%clk 1:28:16]} 8.
Nc3 {[%clk 1:26:24]} Rc8 {[%clk 1:26:52]} 9. Be3 {[%clk 1:26:05]} h6 {[%clk
1:26:39]} 10. Nd5 {[%clk 1:21:51]} Bb5 {[%clk 1:22:48]} 11. Qd2 {[%clk 1:20:50]}
Nf6 {[%clk 1:15:21]} 12. Nxf6+ {[%clk 1:18:31]} Qxf6 {[%clk 1:14:52]} 13. O-O-O
{[%clk 1:16:32]} Qg6 {[%clk 1:06:34]} 14. Qb4 {[%clk 1:08:07]} d5 {[%clk
0:37:55]} 15. Qb3 {[%clk 1:03:27]} Qxe4 {[%clk 0:32:35]} 16. Rxd5 {[%clk
1:02:27]} Ba4 {[%clk 0:32:15]} 17. Rxe5+ {[%clk 1:00:54]} Qxe5 {[%clk 0:32:33]}
18. Qxa4+ {[%clk 1:01:21]} Qb5 {[%clk 0:31:38]} 19. Qxb5+ {[%clk 1:01:45]} axb5
{[%clk 0:31:48]} 20. Re1 {[%clk 1:02:03]} Be7 {[%clk 0:30:33]} 21. Nd4 {[%clk
0:59:58]} O-O {[%clk 0:29:38]} 22. Nxb5 {[%clk 0:56:54]} Bc5 {[%clk 0:25:31]} 23.
Nc3 {[%clk 0:55:51]} Bb4 {[%clk 0:23:55]} 24. Bd2 {[%clk 0:55:54]} Rfe8 {[%clk
0:20:53]} 25. Rd1 {[%clk 0:55:09]} Rc6 {[%clk 0:16:12]} 26. a3 {[%clk 0:55:01]}
Ba5 {[%clk 0:15:38]} 27. Ne4 {[%clk 0:51:32]} Bxd2+ {[%clk 0:15:43]} 28. Nxd2
{[%clk 0:49:31]} Rg6 {[%clk 0:13:55]} 29. g3 {[%clk 0:46:02]} Re2 {[%clk
0:13:28]} 30. Rf1 {[%clk 0:38:52]} Rf6 {[%clk 0:13:34]} 31. Kd1 {[%clk 0:38:03]}
Rexf2 {[%clk 0:12:42]} 32. Rxf2 {[%clk 0:38:27]} Rxf2 {[%clk 0:13:08]} 33. h4
{[%clk 0:38:51]} Rg2 {[%clk 0:12:26]} 34. Nf1 {[%clk 0:39:16]} Kf8 {[%clk
0:12:09]} 35. a4 {[%clk 0:39:33]} Ke8 {[%clk 0:10:25]} 36. b3 {[%clk 0:39:36]}
Kd7 {[%clk 0:10:37]} 37. b4 {[%clk 0:40:00]} Kc6 {[%clk 0:10:13]} 38. c3 {[%clk
0:40:26]} b6 {[%clk 0:08:51]} 39. h5 {[%clk 0:39:51]} Kd7 {[%clk 0:07:56]} 40.
Ne3 {[%clk 0:37:53]} Rxg3 {[%clk 0:07:37]} 41. Nf5 {[%clk 0:38:20]} Rg5 {[%clk
0:07:23]} 42. Ne3 {[%clk 0:38:47]} Rxh5 {[%clk 0:07:17]} 43. Kd2 {[%clk 0:39:12]}
Rg5 {[%clk 0:05:21]} 44. Kd3 {[%clk 0:39:35]} h5 {[%clk 0:05:17]} 45. Kc4 {[%clk
0:40:03]} h4 {[%clk 0:04:24]} 46. b5 {[%clk 0:40:28]} h3 {[%clk 0:04:39]} 47. Nf1
{[%clk 0:40:56]} Rg1 {[%clk 0:04:42]} 48. Nh2 {[%clk 0:41:23]} Rg2 {[%clk
0:04:57]} 49. Nf1 {[%clk 0:41:46]} h2 {[%clk 0:04:15]} 50. Nxh2 {[%clk 0:41:51]}
Rxh2 {[%clk 0:04:32]} 51. a5 {[%clk 0:42:13]} bxa5 {[%clk 0:04:54]} 52. b6 {[%clk
0:42:39]} Kc6 {[%clk 0:05:04]} 53. b7 {[%clk 0:43:07]} Kxb7 {[%clk 0:05:23]} 54.
Kb5 {[%clk 0:43:33]} Rc2 {[%clk 0:05:38]} 55. c4 {[%clk 0:43:59]} g5 {[%clk
0:05:52]} 56. Kxa5 {[%clk 0:44:25]} Rxc4 {[%clk 0:05:58]} 57. Kb5 {[%clk
0:44:51]} Rc1 {[%clk 0:06:18]} 58. Ka5 {[%clk 0:45:18]} g4 {[%clk 0:06:37]} 59.
Ka4 {[%clk 0:45:43]} g3 {[%clk 0:06:59]} 60. Ka5 {[%clk 0:46:03]} Rb1 {[%clk
0:07:11]} 0-1